000 00748nam a2200193Ia 4500
001 11323
003 GE_BSU
008 181216s||||||||xx |||||||||||||| ||und||
040 _cGE_BSU
080 _a53(038)
245 _aფიზიკის ტერმინოლოგია (რუსულ–ქართული ნაწილი)
245 _cრედ: ა. გაჩეჩილაძე რ. ღამბაშიძე
260 _aთბილისი
260 _bსაქ. მეცნ. აკად. გამ–ბა
260 _c1960
300 _a340გვ.22სმ.
653 _aფიზიკის ტერმინოლოგია (რუსულ–ქართული ნაწილი)
942 _cBK
999 _c44520
_d44520